La estética en la naturaleza, en la ciencia y en el arte : (Record no. 162048)
[ view plain ]
| 000 -LEADER | |
|---|---|
| campo de control de longitud fija | 01256nam a22002655i 4500 |
| 001 - NÚMERO DE CONTROL | |
| campo de control | 162048 |
| 003 - IDENTIFICADOR DE NÚMERO DE CONTROL | |
| campo de control | ES-MaACL |
| 005 - FECHA Y HORA DE LA ÚLTIMA TRANSACCIÓN | |
| campo de control | 20250815151008.0 |
| 008 - DATOS DE LONGITUD FIJA--INFORMACIÓN GENERAL | |
| campo de control de longitud fija | 940301s1881 sp |||| | spa d |
| 100 1# - ENTRADA PRINCIPAL--NOMBRE DE PERSONA | |
| Nombre de persona | Picatoste, Felipe. |
| 9 (RLIN) | 91802 |
| 245 13 - MENCIÓN DEL TÍTULO | |
| Título | La estética en la naturaleza, en la ciencia y en el arte : |
| Resto del título | formas elementales / |
| Mención de responsabilidad, etc. | por D. Felipe Picatoste. |
| 260 ## - PUBLICACIÓN, DISTRIBUCIÓN, ETC. | |
| Lugar de publicación, distribución, etc. | Madrid : |
| Nombre del editor, distribuidor, etc. | Est. Tip. Editorial de G. Estrada, |
| Fecha de publicación, distribución, etc. | 1881. |
| 300 ## - DESCRIPCIÓN FÍSICA | |
| Extensión | 240 p. ; |
| Dimensiones | 18 cm. |
| 490 1# - MENCIÓN DE SERIE | |
| Mención de serie | Biblioteca enciclopédica popular ilustrada. Sección 3ª. Conocimientos útiles |
| 505 8# - NOTA DE CONTENIDO CON FORMATO | |
| Nota de contenido con formato | Contiene: De la forma y la simetría . De la línea recta y sus combinaciones . De la línea curva . Del plano . De los poliedros . Cuerpos redondos |
| 530 ## - NOTA DISPONIBLE DE FORMULARIO FÍSICO ADICIONAL | |
| Nota de formato físico adicional disponible | Disponible en formato digital. |
| 596 ## - NOTA AL PIE DE IMPRENTA | |
| NOTA AL PIE DE IMPRENTA | Marca tip. en port. |
| 650 #7 - PUNTO DE ACCESO ADICIONAL DE MATERIA--TÉRMINO DE MATERIA | |
| Término de materia o nombre geográfico como elemento de entrada | Naturaleza (Estética) |
| Fuente del encabezamiento o término | embne |
| 9 (RLIN) | 137429 |
| 650 #4 - PUNTO DE ACCESO ADICIONAL DE MATERIA--TÉRMINO DE MATERIA | |
| Término de materia o nombre geográfico como elemento de entrada | Estética- |
| Subdivisión cronológica | S.XIX. |
| 9 (RLIN) | 160054 |
| 700 1# - ENTRADA AGREGADA--NOMBRE PERSONAL | |
| Nombre de persona | Estrada, Gregorio. |
| 9 (RLIN) | 126979 |
| 830 1# - PUNTO DE ACCESO ADICIONAL DE SERIE-TÍTULO UNIFORME | |
| Título uniforme | Biblioteca enciclopédica popular ilustrada. Sección 3ª. Conocimientos útiles |
| 9 (RLIN) | 180990 |
| 852 ## - LOCALIZACIÓN | |
| Ubicación | ES-MaACL |
| Número de control de estantería | F-13619 |
| Nota libre | - Enc. hol. |
| 856 4# - LOCALIZACIÓN Y ACCESO ELECTRÓNICOS | |
| Identificador Uniforme de Recursos | <a href="https://bibliotecadigital.jcyl.es/es/consulta/registro.do?id=22696">https://bibliotecadigital.jcyl.es/es/consulta/registro.do?id=22696</a> |
| Nota pública | Biblioteca Digital de Castilla y León |
| Estatus retirado | Estado de pérdida | Estado de daño | No para préstamo | Colección | Biblioteca de origen | Biblioteca actual | Ubicación en estantería | Fecha de adquisición | Fuente de adquisición | Total de préstamos | Signatura topográfica completa | Código de barras | Visto por última vez | Precio de reemplazo | Tipo de ítem Koha |
|---|---|---|---|---|---|---|---|---|---|---|---|---|---|---|---|
| Colección digital | Biblioteca del Ateneo de Madrid | Biblioteca del Ateneo de Madrid | Sala Pecera Planta 2 | 17/01/2008 | F-13619 | 1169754 | 23/02/2023 | 23/02/2023 | Libro impreso antiguo |
